00551nam a2200133Ia 4500008004100000245011500041260005500156260000900211300000700220650001300227856008500240999001900325952007300344170516s9999 xx 000 0 und d aCost-minimization analysis of adjuvant chemotherapy regimens given to patients with colorectal cancer in Japan bJournal of Pharmaceutical Health Care and Sciences c2016 a2: xPharmacy uhttps://jphcs.biomedcentral.com/articles?query=&volume=2&searchType=&tab=keyword c331105d331105 001040aCLbCLd2017-05-16l0r2017-05-16 00:00:00w2017-05-16yFOJ